<?xml version="1.0" encoding="UTF-8"?>
<record
    xmlns:xsi="http://www.w3.org/2001/XMLSchema-instance"
    xsi:schemaLocation="http://www.loc.gov/MARC21/slim http://www.loc.gov/standards/marcxml/schema/MARC21slim.xsd"
    xmlns="http://www.loc.gov/MARC21/slim">

  <leader>02559njm a2200433Ia 4500</leader>
  <controlfield tag="001">20679</controlfield>
  <controlfield tag="003">IT-RoPAU</controlfield>
  <controlfield tag="005">20220918181118.0</controlfield>
  <controlfield tag="008">131025s9999    xx            000 0 und d</controlfield>
  <datafield tag="040" ind1=" " ind2=" ">
    <subfield code="a">IT-RoPAU</subfield>
  </datafield>
  <datafield tag="040" ind1=" " ind2=" ">
    <subfield code="c">IT-RoPAU</subfield>
  </datafield>
  <datafield tag="041" ind1=" " ind2=" ">
    <subfield code="a">INGLESE</subfield>
  </datafield>
  <datafield tag="999" ind1=" " ind2=" ">
    <subfield code="c">99550</subfield>
    <subfield code="d">99550</subfield>
  </datafield>
  <datafield tag="999" ind1=" " ind2=" ">
    <subfield code="b">n.d.</subfield>
  </datafield>
  <datafield tag="100" ind1=" " ind2=" ">
    <subfield code="a">AA.VV.</subfield>
    <subfield code="9">794</subfield>
  </datafield>
  <datafield tag="100" ind1=" " ind2=" ">
    <subfield code="e">Autore musica</subfield>
    <subfield code="9">2539</subfield>
  </datafield>
  <datafield tag="100" ind1=" " ind2=" ">
    <subfield code="g">Codice autore musica SPICS: 12000</subfield>
    <subfield code="9">796</subfield>
  </datafield>
  <datafield tag="245" ind1=" " ind2=" ">
    <subfield code="a">Skeletons From the Closet-The Best of Grateful Dead (Lp K 56024)</subfield>
  </datafield>
  <datafield tag="250" ind1=" " ind2=" ">
    <subfield code="a">1a ed.</subfield>
  </datafield>
  <datafield tag="260" ind1=" " ind2=" ">
    <subfield code="a">USA</subfield>
  </datafield>
  <datafield tag="260" ind1=" " ind2=" ">
    <subfield code="b">WARNER BROS RECORDS</subfield>
    <subfield code="c">1974 [1a Ed.:1974 - Ed. Lingua Orig.: 1974]</subfield>
  </datafield>
  <datafield tag="300" ind1=" " ind2=" ">
    <subfield code="a">DISCO</subfield>
  </datafield>
  <datafield tag="300" ind1=" " ind2=" ">
    <subfield code="c">45 minuti (Testo:  pag.)</subfield>
  </datafield>
  <datafield tag="500" ind1=" " ind2=" ">
    <subfield code="a">Incisioni storiche. Il meglio della West Coast. Musica rock</subfield>
  </datafield>
  <datafield tag="505" ind1=" " ind2=" ">
    <subfield code="a">The Golden Road [(To Unlimited Devotion) (3:00)] - Truckin' (6:00) - Rosemary (2:00) - Sugar Magnolia (4:00) - St. Stephen (5:00) - Uncle John's Band (5:00) - Casey Jones (5:00) - Mexicali Blues (4:00) - Turn On Your Love Light (7:00) - One More Saturday Night (5:00) - Friend of the Devil (4:00) - </subfield>
  </datafield>
  <datafield tag="511" ind1=" " ind2=" ">
    <subfield code="a">Grateful Dead (The)</subfield>
  </datafield>
  <datafield tag="650" ind1=" " ind2=" ">
    <subfield code="a">ROCK [DISCHI]</subfield>
    <subfield code="e">Codice MATERIA SPICS: 9950</subfield>
    <subfield code="9">1088</subfield>
  </datafield>
  <datafield tag="700" ind1=" " ind2=" ">
    <subfield code="a">Grateful Dead (The)</subfield>
    <subfield code="g">Codice Interprete SPICS: 10931</subfield>
    <subfield code="e">Interprete</subfield>
    <subfield code="9">2540</subfield>
  </datafield>
  <datafield tag="700" ind1=" " ind2=" ">
    <subfield code="a">Garcia Jerry</subfield>
    <subfield code="g">Codice autore musica SPICS: 10911</subfield>
    <subfield code="e">Autore musica</subfield>
    <subfield code="p">The Golden Road (To Unlimited Devotion) - Truckin' - Rosemary - St. Stephen - Uncle John's Band - Casey Jones - Friend of the Devil</subfield>
    <subfield code="9">2541</subfield>
  </datafield>
  <datafield tag="700" ind1=" " ind2=" ">
    <subfield code="a">Lesh </subfield>
    <subfield code="g">Codice autore SPICS: 22962</subfield>
    <subfield code="e">Autore</subfield>
    <subfield code="p">The Golden Road (To Unlimited Devotion)</subfield>
    <subfield code="9">2542</subfield>
  </datafield>
  <datafield tag="700" ind1=" " ind2=" ">
    <subfield code="a">McKernan </subfield>
    <subfield code="g">Codice autore testo/musica SPICS: 22964</subfield>
    <subfield code="e">Autore testo/musica</subfield>
    <subfield code="p">The Golden Road (To Unlimited Devotion)</subfield>
    <subfield code="9">2543</subfield>
  </datafield>
  <datafield tag="700" ind1=" " ind2=" ">
    <subfield code="a">Weir</subfield>
    <subfield code="g">Codice autore musica SPICS: 22963</subfield>
    <subfield code="e">Autore musica</subfield>
    <subfield code="p">Truckin' - Sugar Magnolia - Sugar Magnolia - One More Saturday Night</subfield>
    <subfield code="9">2544</subfield>
  </datafield>
  <datafield tag="700" ind1=" " ind2=" ">
    <subfield code="a">Hunter</subfield>
    <subfield code="g">Codice autore testo/musica SPICS: 10150</subfield>
    <subfield code="e">Autore testo/musica</subfield>
    <subfield code="p">Truckin' - Rosemary - Sugar Magnolia - St. Stephen - Uncle John's Band - Casey Jones - Friend of the Devil</subfield>
    <subfield code="9">2545</subfield>
  </datafield>
  <datafield tag="700" ind1=" " ind2=" ">
    <subfield code="a">Lesh </subfield>
    <subfield code="g">Codice autore SPICS: 22962</subfield>
    <subfield code="e">Autore</subfield>
    <subfield code="p">St. Stephen</subfield>
    <subfield code="9">2546</subfield>
  </datafield>
  <datafield tag="700" ind1=" " ind2=" ">
    <subfield code="a">Barlow</subfield>
    <subfield code="g">Codice autore testo/musica SPICS: 22965</subfield>
    <subfield code="e">Autore testo/musica</subfield>
    <subfield code="p">Mexicali Blues</subfield>
    <subfield code="9">2547</subfield>
  </datafield>
  <datafield tag="700" ind1=" " ind2=" ">
    <subfield code="a">Scott J.</subfield>
    <subfield code="g">Codice autore testo/musica SPICS: 22967</subfield>
    <subfield code="e">Autore testo/musica</subfield>
    <subfield code="p">Turn On Your Love Light</subfield>
    <subfield code="9">2548</subfield>
  </datafield>
  <datafield tag="700" ind1=" " ind2=" ">
    <subfield code="a">Malone D.</subfield>
    <subfield code="g">Codice autore musica SPICS: 22966</subfield>
    <subfield code="e">Autore musica</subfield>
    <subfield code="p">Turn On Your Love Light</subfield>
    <subfield code="9">2549</subfield>
  </datafield>
  <datafield tag="700" ind1=" " ind2=" ">
    <subfield code="a">Dawson</subfield>
    <subfield code="g">Codice autore SPICS: 22968</subfield>
    <subfield code="e">Autore</subfield>
    <subfield code="p">Friend of the Devil</subfield>
    <subfield code="9">2550</subfield>
  </datafield>
  <datafield tag="942" ind1=" " ind2=" ">
    <subfield code="c">MD</subfield>
    <subfield code="2">ddc</subfield>
  </datafield>
  <datafield tag="952" ind1=" " ind2=" ">
    <subfield code="0">0</subfield>
    <subfield code="1">0</subfield>
    <subfield code="4">0</subfield>
    <subfield code="6">20679_000000000000000</subfield>
    <subfield code="7">1</subfield>
    <subfield code="a">SPICS</subfield>
    <subfield code="b">SPICS</subfield>
    <subfield code="d">2013-10-25</subfield>
    <subfield code="l">0</subfield>
    <subfield code="o">20679</subfield>
    <subfield code="r">2013-10-25 00:00:00</subfield>
    <subfield code="w">2013-10-25</subfield>
    <subfield code="y">MD</subfield>
    <subfield code="z">Progr. Ins.: 3985 / N.Vol.: 1 / Copie: 1 - Copia rara: n.d. / date import: 01.01.2014 - By Epidotti, Trombetti, Vaglietti</subfield>
  </datafield>
</record>
